|
|
|
|
| LEADER |
01420nam a2200325 a 4500 |
| 001 |
00022329 |
| 008 |
110419s1993 bg w 000 0 mul d |
| 040 |
|
|
|a BD-DhAAL
|c BD-DhAAL
|
| 041 |
|
|
|a Eng
|a Ben
|
| 082 |
0 |
0 |
|a 348.5492/046
|2 22
|
| 130 |
0 |
|
|a DLR
|
| 245 |
0 |
4 |
|a The Dhaka Law Reports :
|b a monthly law journal,
|c Founder editor, Obaidul Huq Chowdhury, Chief editor, A. Muntaquim Chaudhury, editor, Shahabuddin Ahmed,
|n volume no. 45
|
| 246 |
1 |
7 |
|a The Dhaka Law Reports.
|
| 260 |
|
|
|a Dhaka :
|b Dhaka Law Reports,
|c 1993
|
| 300 |
|
|
|a 184,768,104 p. :
|c 25 cm.
|
| 362 |
0 |
|
|a Vol.XLV,1990
|
| 500 |
|
|
|a Cit. 45 DLR(AD);45 DLR etc.
|
| 500 |
|
|
|a "A journal of law reports."
|
| 500 |
|
|
|a Latest issue consulted: Vol.XLV,January to December,1993
|
| 590 |
|
|
|a Published yearly.
|
| 541 |
|
|
|e 00022329
|
| 650 |
|
0 |
|a Law reports, digests, etc.
|z Bangladesh.
|
| 700 |
1 |
|
|a Chowdhury,Obaidul Haque.
|
| 700 |
1 |
|
|a Chaudhury,A. Muntaquim.
|
| 700 |
1 |
|
|a Ahmad,Shahabuddin.
|
| 852 |
4 |
|
|a Ayesha Abed Library
|j General shelf
|
| 942 |
0 |
0 |
|0 7
|
| 999 |
|
|
|c 10734
|d 10734
|
| 952 |
|
|
|0 0
|1 0
|2 ddc
|4 0
|6 348_549204600000000_DHA
|7 0
|8 REF
|9 16149
|a BRACUL
|b BRACUL
|c CIR
|d 2011-04-19
|l 4
|o 348.5492046 DHA
|p 3010022329
|r 2013-07-28
|s 2013-07-28
|t 1
|w 2011-04-19
|y 1HOUR
|x Available
|
| 952 |
|
|
|0 0
|1 0
|2 ddc
|4 0
|6 348_549204600000000_DHA
|7 0
|8 REF
|9 24001
|a BRACUL
|b BRACUL
|c REF
|d 2014-03-22
|l 36
|o 348.5492046 DHA
|p 3010020931
|r 2019-03-27
|s 2019-03-27
|t 2
|w 2014-03-22
|y 1HOUR
|